Statistics for Geography of Norway

Click here to take the quiz!

General Stats

  • This quiz has been taken 369 times
  • The average score is 12 of 20

Answer Stats

QuestionAnswer% Correct
What is the capital of Norway?Oslo
100%
What sea is located between Norway and the United Kingdom?North Sea
97%
What Norwegian word refers to a long, narrow ocean inlet?Fjord
96%
What is the second most populous city in Norway?Bergen
88%
What town north of the capital was the 1994 Winter Olympics host?Lillehammer
73%
What is the national sport of Norway?Cross-country Skiing
70%
What Norwegian island chain is located in the Arctic Ocean?Svalbard
70%
What is the name of the indigenous people of Norway?Sami
69%
What is the English name of the region those people natively inhabit?Lapland
60%
In what city is the Norwegian University of Science and Technology located?Trondheim
60%
In what sea are most of the oil reserves of Norway located?Norwegian Sea
54%
What city is considered to be "Oil Capital of Norway"?Stavanger
52%
What sea, starting with B, is located between that island chain and Russia?Barents Sea
47%
What is the world's northernmost town with a population higher than 10,000?Hammerfest
46%
What are the two official standard forms of the Norwegian language? (name either)Bokmål | Nynorsk
45%
What mountain range is located between Norway and Sweden?{Scandinavian}
Mountains
39%
What type of Norwegian traditional dish of fish is aged in lye?Lutefisk
38%
What is the birth country of the greatest number of foreign-born Norwegian residents?Poland
37%
What is the largest island of the above?Spitsbergen
34%
What is the name of Norway's longest and most voluminous river?Glomma
27%

Score Distribution

Percentile by Number Answered

Percent of People with Each Score

Your Score History

You have not taken this quiz